000 00689nam a2200241 i 4500
001 2283299
003 SISC
005 20160215133433.0
008 800821s1980 miua b 001 0 eng
010 _a 79088921
020 _a0250402750
040 _aDLC
_cDLC
_dDLC
050 0 0 _aRA 565
_b.En47 1980
082 0 0 _aHS 928
_bE89 1980
245 0 0 _aEnvironment and health /
_cNorman M. Trieff, editor.
260 _aAnn Arbor, Mich. :
_bAnn Arbor Science,
_cc1980.
300 _a652 p. :
_bill. ;
_c23.5 cm.
650 0 _aEnvironmental health.
_913232
700 1 _aTrieff, Norman M.
_913233
906 _a7
_bcbc
_corignew
_d2
_eopcn
_f19
_gy-gencatlg
942 _2lcc
_cBK
999 _c9326
_d9326